La voix et le phénoméne
Gespeichert in:
| 1. Verfasser: | |
|---|---|
| Format: | Buch |
| Sprache: | Französisch |
| Veröffentlicht: |
París
Universitaires de France
1967
|
| Schriftenreihe: | Epiméthée. Essais philosophiques
|
| Schlagworte: | |
| Tags: |
Tag hinzufügen
Keine Tags, Fügen Sie den ersten Tag hinzu!
|
MARC
| LEADER | 00000nam a2200000 a 4500 | ||
|---|---|---|---|
| 001 | UCZ3355 | ||
| 003 | CL-VaPUC | ||
| 005 | 20240820103257.0 | ||
| 008 | 951020e19670000FR |||||||||||||||||fre|d | ||
| 999 | |c 239836 |d 239834 | ||
| 040 | |c Pontificia Universidad Católica de Valparaíso | ||
| 082 | 0 | 4 | |a 410 |b DER |2 21 |
| 100 | 0 | |a Derrida, Jacques |e author |9 347152 | |
| 245 | 1 | 3 | |a La voix et le phénoméne |
| 246 | 1 | 0 | |a Introduction au problème du signe dans la phénoménologie de Husserl |
| 260 | |a París |b Universitaires de France |c 1967 | ||
| 300 | |a 117 p | ||
| 490 | 0 | |a Epiméthée. Essais philosophiques | |
| 583 | |a last modification |c 19951020 00:00:00 |k Rodrigo Vera | ||
| 600 | |a Husserl, Edmund |d 1859-1938 |9 575718 | ||
| 650 | 0 | |a Lingüística |9 265068 | |
| 650 | 0 | |a Filología |9 321245 | |
| 650 | 7 | |a TEORIA LINGUISTICA |2 CL-VaPUC |9 334835 | |
| 650 | 0 | |a Fenomenología |9 256519 | |
| 852 | |a BIBCUR | ||
| 942 | |c BK |2 ddc | ||
| 945 | |d 19951020 00:00:00 |a cmena | ||
| 952 | |0 0 |1 0 |4 0 |6 410_000000000000000_DER_1967 |7 0 |8 P |9 251270 |a BIBEDU |b BIBEDU |c BIBEDU_PB |d 2019-11-18 |i 1586602 |o 410 DER 1967 |p 1586602 |r 2024-01-25 |w 2019-11-18 |y BK |k FIL | ||
| 952 | |0 0 |1 0 |4 0 |6 410_000000000000000_DER_1967 |7 0 |8 P |9 251271 |a BIBEDU |b BIBEDU |c BIBEDU_PB |d 2019-11-18 |i 1586610 |o 410 DER 1967 |p 1586610 |r 2024-01-25 |w 2019-11-18 |y BK |k FIL | ||